Statistics for Random USPS Street abbreviations

Click here to take the quiz!

General Stats

  • This quiz has been taken 12 times
  • The average score is 11 of 20

Answer Stats

HintAnswer% Correct
ALYAlley
100%
APTApartment
100%
BSMTBasement
100%
BTMBottom
100%
BLVDBoulevard
100%
BRKBrook
100%
BRKSBrooks
100%
BLDGBuilding
100%
CYNCanyon
100%
CPECape
100%
CTRCenter
100%
CTRSCenters
100%
CIRCircle
100%
CLFCliff
100%
CORSCorners
100%
CURVCurve
100%
DEPTDepartment
100%
ESTSEstates
100%
FLDSFields
100%
FRKFork
100%
GDNGarden
100%
GTWYGateway
100%
GLNGlen
100%
GLNSGlens
100%
GRNGreen
100%
HVNHaven
100%
HTSHeights
100%
ISLEIsle
100%
LKSLakes
100%
LANDLand
100%
LNDGLanding
100%
LNLane
100%
LGTSLights
100%
LOTLot
100%
LOWRLower
100%
MDWSMeadows
100%
MTMount
100%
ORCHOrchard
100%
PARKPark
100%
PASSPass
100%
PATHPath
100%
PIERPier
100%
PIKEPike
100%
PNEPine
100%
PLNPlain
100%
PLNSPlains
100%
PLZPlaza
100%
RNCHRanch
100%
RPDRapid
100%
RPDSRapids
100%
RDGRidge
100%
RIVRiver
100%
RTERoute
100%
ROWRow
100%
SPGSpring
100%
SQSquare
100%
SQSSquares
100%
STAStation
100%
STOPStop
100%
STRMStream
100%
STStreet
100%
TRCETrace
100%
TRLRTrailer
100%
TUNLTunnel
100%
UNITUnit
100%
VLYValley
100%
VWView
100%
WALKWalk
100%
WAYSWays
100%
CSWYCauseway
67%
CRKCreek
67%
BLFBluff
50%
XRDCrossroad
50%
EXPYExpressway
50%
FRDFord
50%
FRSTForest
50%
LGTLight
50%
LFLoaf
50%
MDWMeadow
50%
MLMill
50%
MTWYMotorway
50%
MTNMountain
50%
SLIPSlip
50%
TPKETurnpike
50%
RADLRadial
33%
ANXAnnex
0%
ARCArcade
0%
AVEAvenue
0%
BYUBayou
0%
BCHBeach
0%
BNDBend
0%
BRBranch
0%
BRGBridge
0%
BGBurg
0%
BGSBurgs
0%
BYPBypass
0%
CPCamp
0%
CLFSCliffs
0%
CLBClub
0%
CMNCommon
0%
CORCorner
0%
CRSECourse
0%
CTCourt
0%
CVCove
0%
CVSCoves
0%
CRESCrescent
0%
CRSTCrest
0%
XINGCrossing
0%
DLDale
0%
DMDam
0%
DVDivide
0%
DRDrive
0%
DRSDrives
0%
ESTEstate
0%
EXTExtension
0%
EXTSExtensions
0%
FALLFall
0%
FLSFalls
0%
FRYFerry
0%
FLDField
0%
FLTFlat
0%
FLTSFlats
0%
FLFloor
0%
FRDSFords
0%
FRGForge
0%
FRGSForges
0%
FTFort
0%
FWYFreeway
0%
FRNTFront
0%
GDNSGardens
0%
GRNSGreens
0%
GRVGrove
0%
GRVSGroves
0%
HNGRHangar
0%
HBRHarbor
0%
HWYHighway
0%
HLHill
0%
HLSHills
0%
HOLWHollow
0%
INLTInlet
0%
ISIsland
0%
ISSIslands
0%
JCTJunction
0%
JCTSJunctions
0%
KYKey
0%
KYSKeys
0%
KNLKnoll
0%
KNLSKnolls
0%
LKLake
0%
LBBYLobby
0%
LCKLock
0%
LCKSLocks
0%
LDGLodge
0%
LOOPLoop
0%
MALLMall
0%
MNRManor
0%
MNRSManors
0%
MEWSMews
0%
MLSMills
0%
MSNMission
0%
NCKNeck
0%
OFCOffice
0%
OVALOval
0%
OPASOverpass
0%
PKWYParkway
0%
PSGEPassage
0%
PHPenthouse
0%
PNESPines
0%
PLPlace
0%
PTPoint
0%
PRTPort
0%
PRPrairie
0%
RAMPRamp
0%
REARRear
0%
RSTRest
0%
RDGSRidges
0%
RDRoad
0%
RDSRoads
0%
RUERue
0%
RUNRun
0%
SHLShoal
0%
SHLSShoals
0%
SHRShore
0%
SHRSShores
0%
SIDESide
0%
SKWYSkyway
0%
SPCSpace
0%
SPGSSprings
0%
SPURSpur/Spurs
0%
STRAStravenue
0%
STSStreets
0%
STESuite
0%
SMTSummit
0%
TERTerrace
0%
TRAKTrack
0%
TRWYTrafficway
0%
TRLTrail
0%
TRWYTroughway
0%
UPASUnderpass
0%
UNUnion
0%
UNSUnions
0%
UPPRUpper
0%
VLYSValleys
0%
VIAViaduct
0%
VWSViews
0%
VLGVillage
0%
VLGSVillages
0%
VLVille
0%
VISVista
0%
WALLWall
0%
WAYWay
0%
WLWell
0%
WLSWells
0%

Score Distribution

Percentile by Number Answered

Percent of People with Each Score

Your Score History

You have not taken this quiz